Nuestra señora de la soledad /
Guardado en:
| Autor Principal: | |
|---|---|
| Formato: | Libro |
| Publicado: |
Buenos Aires :
Aguilar, Taurus, Alfaguara,
2012
|
| Materias: | |
| Etiquetas: |
Agregar Etiqueta
Sin Etiquetas, Sea el primero en etiquetar este registro!
|
| LEADER | 00799nam a22002055a 4500 | ||
|---|---|---|---|
| 001 | CEM.cems013887 | ||
| 005 | 20130507140649.0 | ||
| 008 | 130507s2012##################000#0#####d | ||
| 003 | CEMS | ||
| 020 | |a 9789870426264 | ||
| 082 | 0 | 4 | |a Ch863.4 |
| 100 | 1 | |a Serrano, Marcela | |
| 245 | 1 | 0 | |a Nuestra señora de la soledad / |c Marcela Serrano |
| 260 | |a Buenos Aires : |b Aguilar, Taurus, Alfaguara, |c 2012 | ||
| 300 | |a 208 p. | ||
| 505 | 0 | |a Las pistas son los tres hombres que tuvo Carmen: su marido, un esquivo escritor mexicano y un guerrilero que fue su amante; y también la última frase que dejó ls mujer desaparecida " Me siento como una princesa en un minarete" | |
| 653 | |a Literatura | ||
| 653 | |a Novela | ||
| 653 | |a Novela chilena | ||
| 859 | |a CEMS |b BIB. CEMS - 11 de abril |h Ch863.4 |i Se68-1 |p 26638.13 |t Ej.1 | ||
